00316nam a2200109Ia 4500008004100000041000800041100002200049245006300071260003100134300000800165700003300173250110s9999 xx 000 0 und d aeng aHurpade Pratiksha aLandscae Master Plan Proposal For Mahalaxmi Park Auroville bBNCA M Arch LA, Punec2020 a61p aGuide Name:Khatavkar Anupama